00000000nam 2200000zi 4500
0019.933985
003CaOODSP
00520250107144059
006m     o  d f      
007cr mn|||||||||
008240215s1977    onc     obs  f000 0 eng d
040 |aCaOODSP|beng|erda|cCaOODSP
043 |an-cn---
045 |ax6x7
0861 |aId40-3/1977E-PDF
24502|aA report on the plastics processing industry in Canada.
264 1|aOttawa : |bChemicals Branch, Department of Industry, Trade and Commerce, |c1977.
300 |a1 online resource (44 pages, 1 unnumbered page)
336 |atext|btxt|2rdacontent
337 |acomputer|bc|2rdamedia
338 |aonline resource|bcr|2rdacarrier
500 |aIssued also in French under title: Rapport sur l'industrie canadienne de la transformation des matières plastiques.
500 |aDigitized edition from print [produced by Innovation, Science and Economic Development Canada].
504 |aIncludes bibliographical references (page [45]).
650 0|aPlastics industry and trade|zCanada|vStatistics.
655 7|aStatistics|2lcgft
7101 |aCanada. |bDepartment of Industry, Trade and Commerce. |bChemicals Branch, |eissuing body.
77508|tRapport sur l'industrie canadienne de la transformation des matières plastiques.|w(CaOODSP)9.946550
85640|qPDF|s1.02 MB|uhttps://publications.gc.ca/collections/collection_2025/isde-ised/Id40-3-1977-eng.pdf